| 000 | 00857cam a22002773a 4500 | ||
|---|---|---|---|
| 001 | 6334 | ||
| 003 | PGUSA | ||
| 005 | 20140828083131.0 | ||
| 008 | 040801s2004||||xxu|||||s|||||000 1 eng d | ||
| 040 |
_aPGUSA _beng |
||
| 042 | _adc | ||
| 050 | 4 | _aPS | |
| 100 | 1 |
_aNewberry, Fannie E. _q(Fannie Ellsworth), _d1848-1942 |
|
| 245 | 1 | 0 |
_aSara, a Princess : _bThe Story of a Noble Girl _h[electronic resource] / _cFannie E. Newberry |
| 260 |
_bProject Gutenberg, _c2004 |
||
| 506 | _aPublic domain in the USA. | ||
| 516 | _aElectronic text | ||
| 653 | _aParents -- Death -- Fiction | ||
| 653 | _aYoung women -- Education -- Fiction | ||
| 653 | _aChild caregivers -- Fiction | ||
| 653 | _aFishers -- Fiction | ||
| 653 | _aPoor families -- Fiction | ||
| 830 | 0 |
_aProject Gutenberg _v6334 |
|
| 856 | 4 | 0 | _uhttp://www.gutenberg.org/ebooks/6334 |
| 942 | _cEB | ||
| 999 |
_c235657 _d235657 |
||